=LDR 00000nam 2200000 4500 =001 INLIS000000000037132 =005 20200814085840 =035 ##$$a 0010-061300000037132 =008 200814################g##########0#ind## =041 ##$$a Ind =082 ##$$a 2x9.8 =090 ##$$a 2x9.8, Nur d =100 ##$$a Nur, Mujahidin =245 1#$$a Dua puluh bidadari surga : $b Teladan perempuan-perempuan penghuni surga /$c Mujahidin Nur =260 ##$$a Jakarta :$b Gramedia Pustaka Utama,$c 2011 =300 ##$$a 239 hlm, ; $c 20 x 14 cm. =650 #4$$a Biografi islam =850 ##$$a NBPNMAT =020 ##$$a 978-979-22-7416-5 =084 ##$$a 2x9.8 NUR d =990 ##$$a 21103151 =990 ##$$a 21103152